[Event "Bundesliga 9495"]
[Site "Deutschland"]
[Date "1995.??.??"]
[Round "?.3"]
[White "Siegel, Georg"]
[Black "Keitlinghaus, Ludger"]
[Result "1/2-1/2"]
[WhiteElo "2505"]
[BlackElo "2495"]
[PlyCount "54"]
[EventDate "1994.10.??"]
[EventType "team"]
[EventRounds "15"]
[EventCountry "GER"]
[SourceTitle "Bundesliga 9495"]
[Source "DeepChess"]
[SourceDate "2005.01.01"]
[SourceVersion "1"]
[SourceVersionDate "2005.01.01"]
[SourceQuality "1"]
[WhiteTeam "SK Zaehringen 1921"]
[BlackTeam "SG Bochum 31"]
[WhiteTeamCountry "GER"]
[BlackTeamCountry "GER"]

1. d4 d5 2. c4 c6 3. Nf3 Nf6 4. Nc3 a6 5. c5 Bf5 6. Bf4 Nbd7 7. h3 g6 8. Qb3
Qc8 9. Nh4 e5 10. Bxe5 Nxe5 11. Nxf5 gxf5 12. dxe5 Nd7 13. Na4 Nxc5 14. Nxc5
Bxc5 15. e3 Qe6 16. Rc1 b6 17. Qc3 a5 18. a3 O-O 19. Bd3 f6 20. b4 axb4 21.
axb4 Be7 22. O-O fxe5 23. Qxc6 Qxc6 24. Rxc6 Bxb4 25. Rxb6 Bc3 26. Rb5 e4 27.
Bc2 d4 1/2-1/2

[Event "Bundesliga 9495"]
[Site "Deutschland"]
[Date "1995.??.??"]
[Round "?.4"]
[White "Backwinkel, Paul"]
[Black "Schmaltz, Roland"]
[Result "0-1"]
[WhiteElo "2410"]
[BlackElo "2450"]
[PlyCount "80"]
[EventDate "1994.10.??"]
[EventType "team"]
[EventRounds "15"]
[EventCountry "GER"]
[SourceTitle "Bundesliga 9495"]
[Source "DeepChess"]
[SourceDate "2005.01.01"]
[SourceVersion "1"]
[SourceVersionDate "2005.01.01"]
[SourceQuality "1"]
[WhiteTeam "SG Bochum 31"]
[BlackTeam "SK Zaehringen 1921"]
[WhiteTeamCountry "GER"]
[BlackTeamCountry "GER"]

1. d4 d6 2. e4 Nf6 3. Nc3 g6 4. h3 Bg7 5. Nf3 O-O 6. Be3 c6 7. a4 d5 8. e5 Ne4
9. Nxe4 dxe4 10. Nd2 f5 11. Bc4+ Kh8 12. f4 b6 13. Qe2 a5 14. g4 Na6 15. c3 Nc7
16. g5 e6 17. h4 Kg8 18. h5 Re8 19. O-O-O b5 20. axb5 cxb5 21. Bxb5 Nxb5 22.
Qxb5 Bd7 23. Qb3 a4 24. Qa2 a3 25. b3 Qa5 26. Kc2 Rec8 27. c4 Rab8 28. Rb1 Bf8
29. c5 Rb4 30. Kd1 Bb5 31. hxg6 hxg6 32. Ke1 Rd8 33. Rh3 Bd3 34. Ra1 Ra8 35.
Kf2 Qd8 36. Rah1 Bg7 37. Rc1 Rxd4 38. Bxd4 Qxd4+ 39. Kg2 e3 40. Nf3 Qb2+ 0-1

[Event "Bundesliga 9495"]
[Site "Deutschland"]
[Date "1995.??.??"]
[Round "?.5"]
[White "Brendel, Oliver"]
[Black "Jackelen, Thomas"]
[Result "1/2-1/2"]
[WhiteElo "2385"]
[BlackElo "2415"]
[PlyCount "80"]
[EventDate "1994.10.??"]
[EventType "team"]
[EventRounds "15"]
[EventCountry "GER"]
[SourceTitle "Bundesliga 9495"]
[Source "DeepChess"]
[SourceDate "2005.01.01"]
[SourceVersion "1"]
[SourceVersionDate "2005.01.01"]
[SourceQuality "1"]
[WhiteTeam "SK Zaehringen 1921"]
[BlackTeam "SG Bochum 31"]
[WhiteTeamCountry "GER"]
[BlackTeamCountry "GER"]

1. e4 d5 2. exd5 Qxd5 3. Nc3 Qa5 4. d4 c6 5. Nf3 Nf6 6. Bc4 Bf5 7. Bd2 e6 8.
Qe2 Bb4 9. Ne5 Nbd7 10. Nxd7 Nxd7 11. a3 Nf6 12. O-O Bxc3 13. Bxc3 Qc7 14. b4
O-O 15. Bb3 Nd5 16. Bd2 b5 17. c4 bxc4 18. Qxc4 Rac8 19. Rfe1 Rfd8 20. Rac1 h6
21. Qa6 Qd7 22. Rc5 Nf6 23. Be3 Be4 24. Ba4 Ng4 25. Qe2 Nf6 26. Qa6 Ng4 27. Qe2
Nf6 28. Rec1 Qb7 29. h3 Nd7 30. Ra5 Bd5 31. Qa6 Qxa6 32. Rxa6 Nb6 33. Rxa7 Nc4
34. Bd1 Ra8 35. Rxa8 Rxa8 36. a4 Nb2 37. a5 Nxd1 38. Rxd1 Bc4 39. Bf4 Kf8 40.
Bd6+ Ke8 1/2-1/2

[Event "Bundesliga 9495"]
[Site "Deutschland"]
[Date "1995.??.??"]
[Round "?.6"]
[White "Luecke, Norbert"]
[Black "Raupp, Thomas"]
[Result "1/2-1/2"]
[WhiteElo "2400"]
[BlackElo "2360"]
[PlyCount "48"]
[EventDate "1994.10.??"]
[EventType "team"]
[EventRounds "15"]
[EventCountry "GER"]
[SourceTitle "Bundesliga 9495"]
[Source "DeepChess"]
[SourceDate "2005.01.01"]
[SourceVersion "1"]
[SourceVersionDate "2005.01.01"]
[SourceQuality "1"]
[WhiteTeam "SG Bochum 31"]
[BlackTeam "SK Zaehringen 1921"]
[WhiteTeamCountry "GER"]
[BlackTeamCountry "GER"]

1. e4 c5 2. Nf3 e6 3. Nc3 a6 4. d4 cxd4 5. Nxd4 Qc7 6. Be2 Nf6 7. O-O Nc6 8.
Nxc6 bxc6 9. f4 d5 10. e5 Nd7 11. Kh1 g6 12. Na4 c5 13. c4 d4 14. Bf3 Bb7 15.
b3 Be7 16. Bd2 a5 17. Nb2 h5 18. Nd3 Kf8 19. a4 Kg7 20. Kg1 Bc6 21. g3 Qb7 22.
Bxc6 Qxc6 23. Rf3 Kf8 24. Qe2 Ke8 1/2-1/2

[Event "Bundesliga 9495"]
[Site "Deutschland"]
[Date "1995.??.??"]
[Round "?.7"]
[White "Maier, Christian"]
[Black "Sonntag, Hans Hubert"]
[Result "1/2-1/2"]
[WhiteElo "2360"]
[BlackElo "2410"]
[PlyCount "69"]
[EventDate "1994.10.??"]
[EventType "team"]
[EventRounds "15"]
[EventCountry "GER"]
[SourceTitle "Bundesliga 9495"]
[Source "DeepChess"]
[SourceDate "2005.01.01"]
[SourceVersion "1"]
[SourceVersionDate "2005.01.01"]
[SourceQuality "1"]
[WhiteTeam "SK Zaehringen 1921"]
[BlackTeam "SG Bochum 31"]
[WhiteTeamCountry "GER"]
[BlackTeamCountry "GER"]

1. Nf3 d5 2. c4 e6 3. d4 Nf6 4. Nc3 Be7 5. Bg5 O-O 6. cxd5 exd5 7. Qc2 c6 8. e3
Nbd7 9. Bd3 Re8 10. O-O Nf8 11. Rae1 g6 12. Ne5 Ne6 13. f4 Ng7 14. h3 Bf5 15.
Bxf6 Bxf6 16. Ng4 Bxg4 17. hxg4 Qd7 18. g5 Bd8 19. Rf3 f5 20. gxf6 Bxf6 21.
Ref1 Re7 22. Kh1 Rae8 23. f5 g5 24. e4 dxe4 25. Nxe4 Rxe4 26. Bxe4 Qxd4 27. Bd3
h5 28. Qc4+ Qxc4 29. Bxc4+ Kf8 30. Be6 Rd8 31. g3 Rd6 32. R3f2 Ke7 33. Bb3 Be5
34. Re2 Kf6 35. Kg2 1/2-1/2

[Event "Bundesliga 9495"]
[Site "Deutschland"]
[Date "1995.??.??"]
[Round "?.8"]
[White "Kassebaum, Roman"]
[Black "Schuh, Hubert"]
[Result "1/2-1/2"]
[WhiteElo "2345"]
[BlackElo "2345"]
[PlyCount "81"]
[EventDate "1994.10.??"]
[EventType "team"]
[EventRounds "15"]
[EventCountry "GER"]
[SourceTitle "Bundesliga 9495"]
[Source "DeepChess"]
[SourceDate "2005.01.01"]
[SourceVersion "1"]
[SourceVersionDate "2005.01.01"]
[SourceQuality "1"]
[WhiteTeam "SG Bochum 31"]
[BlackTeam "SK Zaehringen 1921"]
[WhiteTeamCountry "GER"]
[BlackTeamCountry "GER"]

1. e4 c5 2. Nf3 d6 3. d4 cxd4 4. Qxd4 Nc6 5. Bb5 Bd7 6. Bxc6 Bxc6 7. Nc3 Nf6 8.
Bg5 e6 9. O-O-O Be7 10. Rhe1 O-O 11. e5 dxe5 12. Nxe5 Qxd4 13. Rxd4 Rfc8 14.
Nxc6 Rxc6 15. Ne4 Rac8 16. Re2 Nd5 17. Bxe7 Nxe7 18. Nd6 Rb8 19. Nxb7 Rb6 20.
Red2 Nc6 21. Rd6 R6xb7 22. Rxc6 Rxb2 23. Rd7 Rxa2 24. Rcc7 Ra1+ 25. Kd2 Rf8 26.
h4 a5 27. Ra7 Ra4 28. g3 Rc4 29. Rxa5 Rfc8 30. Ra2 h6 31. Rd3 g5 32. hxg5 hxg5
33. c3 g4 34. Rb2 Kg7 35. Rb7 R8c5 36. Rb4 f5 37. Rb6 Kf6 38. Re3 Rc6 39. Rxc6
Rxc6 40. Kd3 e5 41. c4 1/2-1/2

[Event "Bundesliga 9495"]
[Site "Deutschland"]
[Date "1994.??.??"]
[Round "?.1"]
[White "Dokhoian, Yury"]
[Black "Zude, Arno"]
[Result "1/2-1/2"]
[WhiteElo "2580"]
[BlackElo "2435"]
[PlyCount "82"]
[EventDate "1994.10.??"]
[EventType "team"]
[EventRounds "15"]
[EventCountry "GER"]
[SourceTitle "Bundesliga 9495"]
[Source "DeepChess"]
[SourceDate "2005.01.01"]
[SourceVersion "1"]
[SourceVersionDate "2005.01.01"]
[SourceQuality "1"]
[WhiteTeam "SG Bochum 31"]
[BlackTeam "SV 1920 Hofheim"]
[WhiteTeamCountry "GER"]
[BlackTeamCountry "GER"]

1. d4 Nf6 2. c4 e6 3. Nf3 d5 4. Nc3 Be7 5. Bg5 O-O 6. e3 Nbd7 7. Rc1 a6 8. cxd5
exd5 9. Bd3 c6 10. Qc2 Re8 11. O-O Nf8 12. Rce1 Be6 13. Ne5 N6d7 14. Bxe7 Rxe7
15. f4 f6 16. Nf3 Qc7 17. e4 dxe4 18. Rxe4 Rae8 19. Rfe1 Nb6 20. f5 Bf7 21. a3
a5 22. Kf2 Rxe4 23. Rxe4 Rxe4 24. Nxe4 Nd5 25. Nc3 Nd7 26. Be4 N7b6 27. Nxd5
Bxd5 28. g3 Qd7 29. Nd2 h6 30. Bxd5+ Qxd5 31. Qc5 Na4 32. Qxd5+ cxd5 33. b3 Nc3
34. Ke3 Kf7 35. Kd3 Nb5 36. a4 Nd6 37. g4 h5 38. h3 hxg4 39. hxg4 g6 40. fxg6+
Kxg6 41. Nf3 Ne4 1/2-1/2

[Event "Bundesliga 9495"]
[Site "Deutschland"]
[Date "1994.??.??"]
[Round "?.2"]
[White "Pirrot, Dieter"]
[Black "Glek, Igor V"]
[Result "1/2-1/2"]
[WhiteElo "2395"]
[BlackElo "2615"]
[PlyCount "88"]
[EventDate "1994.10.??"]
[EventType "team"]
[EventRounds "15"]
[EventCountry "GER"]
[SourceTitle "Bundesliga 9495"]
[Source "DeepChess"]
[SourceDate "2005.01.01"]
[SourceVersion "1"]
[SourceVersionDate "2005.01.01"]
[SourceQuality "1"]
[WhiteTeam "SV 1920 Hofheim"]
[BlackTeam "SG Bochum 31"]
[WhiteTeamCountry "GER"]
[BlackTeamCountry "GER"]

1. e4 e6 2. d4 d5 3. e5 c5 4. c3 Nc6 5. Nf3 Nh6 6. Bd3 cxd4 7. cxd4 Nf5 8. Bxf5
exf5 9. Nc3 Be6 10. Ne2 Be7 11. h4 h6 12. Nf4 Qb6 13. h5 Rc8 14. O-O O-O 15.
Rb1 a5 16. a3 Qb5 17. b3 Rc7 18. Qd3 Na7 19. a4 Qb6 20. Bd2 Rfc8 21. Ne2 Nc6
22. Rfc1 Ba3 23. Rd1 Nb4 24. Bxb4 Qxb4 25. Nd2 Qe7 26. Nf4 Qd7 27. Nf1 Rc3 28.
Qb5 Qxb5 29. axb5 Rc1 30. Ne3 Rxb1 31. Rxb1 Rc1+ 32. Rxc1 Bxc1 33. b6 Kf8 34.
Nd3 Bd2 35. Nc5 Bc3 36. Nc2 Bc8 37. f4 g5 38. g3 gxf4 39. gxf4 Bd2 40. Nd3 Bd7
41. Kf2 Bb5 42. Nc5 Bc6 43. Ne3 Bxe3+ 44. Kxe3 Ke7 1/2-1/2

[Event "Bundesliga 9495"]
[Site "Deutschland"]
[Date "1994.??.??"]
[Round "?.3"]
[White "Keitlinghaus, Ludger"]
[Black "Rechel, Bernd"]
[Result "1-0"]
[WhiteElo "2500"]
[BlackElo "2410"]
[PlyCount "59"]
[EventDate "1994.10.??"]
[EventType "team"]
[EventRounds "15"]
[EventCountry "GER"]
[SourceTitle "Bundesliga 9495"]
[Source "DeepChess"]
[SourceDate "2005.01.01"]
[SourceVersion "1"]
[SourceVersionDate "2005.01.01"]
[SourceQuality "1"]
[WhiteTeam "SG Bochum 31"]
[BlackTeam "SV 1920 Hofheim"]
[WhiteTeamCountry "GER"]
[BlackTeamCountry "GER"]

1. e4 c5 2. Nf3 d6 3. Nc3 a6 4. g3 b5 5. d4 cxd4 6. Nxd4 e5 7. Nf5 Bb7 8. Bg2
h6 9. O-O Nf6 10. f4 Nc6 11. Nd5 exf4 12. Bxf4 Ne5 13. Qd4 Nfd7 14. Bh3 Rc8 15.
Rad1 Rc4 16. Qa7 Qb8 17. Qe3 Rxc2 18. Rc1 Nc4 19. Qd4 Rxc1 20. Rxc1 Nde5 21.
Kg2 Bxd5 22. exd5 g6 23. b3 Nb6 24. Rc6 Nxc6 25. Qxh8 gxf5 26. Bxh6 Ke7 27.
dxc6 Qc8 28. Bxf8+ Qxf8 29. Qxf8+ Kxf8 30. c7 1-0

[Event "Bundesliga 9495"]
[Site "Deutschland"]
[Date "1994.??.??"]
[Round "?.5"]
[White "Jackelen, Thomas"]
[Black "Schmitzer, Klaus"]
[Result "1/2-1/2"]
[WhiteElo "2415"]
[BlackElo "2330"]
[PlyCount "55"]
[EventDate "1994.10.??"]
[EventType "team"]
[EventRounds "15"]
[EventCountry "GER"]
[SourceTitle "Bundesliga 9495"]
[Source "DeepChess"]
[SourceDate "2005.01.01"]
[SourceVersion "1"]
[SourceVersionDate "2005.01.01"]
[SourceQuality "1"]
[WhiteTeam "SG Bochum 31"]
[BlackTeam "SV 1920 Hofheim"]
[WhiteTeamCountry "GER"]
[BlackTeamCountry "GER"]

1. Nf3 e6 2. g3 b5 3. Bg2 Bb7 4. O-O Nf6 5. b3 Be7 6. c4 b4 7. d4 O-O 8. Bb2 d6
9. Nbd2 Nbd7 10. a3 a5 11. Qc2 c5 12. dxc5 Nxc5 13. Ng5 h6 14. Bxb7 Nxb7 15.
Bxf6 hxg5 16. Bxe7 Qxe7 17. Nf3 Nc5 18. Nd4 Rfc8 19. axb4 axb4 20. Rxa8 Rxa8
21. Qd2 Qf6 22. Nb5 Nxb3 23. Qxd6 Rd8 24. Qxb4 Nd2 25. Rc1 Qe5 26. Nc3 Rc8 27.
Qb5 Nxc4 28. Qxe5 1/2-1/2

[Event "Bundesliga 9495"]
[Site "Deutschland"]
[Date "1994.??.??"]
[Round "?.6"]
[White "Zude, Erik"]
[Black "Luecke, Norbert"]
[Result "1/2-1/2"]
[WhiteElo "2365"]
[BlackElo "2410"]
[PlyCount "82"]
[EventDate "1994.10.??"]
[EventType "team"]
[EventRounds "15"]
[EventCountry "GER"]
[SourceTitle "Bundesliga 9495"]
[Source "DeepChess"]
[SourceDate "2005.01.01"]
[SourceVersion "1"]
[SourceVersionDate "2005.01.01"]
[SourceQuality "1"]
[WhiteTeam "SV 1920 Hofheim"]
[BlackTeam "SG Bochum 31"]
[WhiteTeamCountry "GER"]
[BlackTeamCountry "GER"]

1. e4 c5 2. c3 g6 3. d4 cxd4 4. cxd4 d5 5. exd5 Nf6 6. Bc4 Nxd5 7. Nc3 Nb6 8.
Bb3 Bg7 9. Nf3 O-O 10. h3 Nc6 11. d5 Na5 12. Be3 Nbc4 13. Bxc4 Nxc4 14. Bd4
Nxb2 15. Qe2 Bxd4 16. Nxd4 Na4 17. Nxa4 Qa5+ 18. Qd2 Qxa4 19. O-O Rd8 20. Nf3
Be6 21. Qh6 Bxd5 22. Ng5 Qd4 23. Qxh7+ Kf8 24. Rfe1 Qg7 25. Qh4 f6 26. Ne6+
Bxe6 27. Rxe6 Rd6 28. Rxd6 exd6 29. Rd1 Rd8 30. Rd5 b6 31. Qd4 Qe7 32. h4 Kf7
33. a4 Qe6 34. Qd3 Qe1+ 35. Kh2 Qxf2 36. Qc4 Kf8 37. h5 g5 38. Rd4 Qf5 39. Re4
Re8 40. Rxe8+ Kxe8 41. Qg8+ Ke7 1/2-1/2

[Event "Bundesliga 9495"]
[Site "Deutschland"]
[Date "1994.??.??"]
[Round "?.7"]
[White "Sonntag, Hans Hubert"]
[Black "Schwamberger, Martin"]
[Result "1-0"]
[WhiteElo "2430"]
[BlackElo "2320"]
[PlyCount "83"]
[EventDate "1994.10.??"]
[EventType "team"]
[EventRounds "15"]
[EventCountry "GER"]
[SourceTitle "Bundesliga 9495"]
[Source "DeepChess"]
[SourceDate "2005.01.01"]
[SourceVersion "1"]
[SourceVersionDate "2005.01.01"]
[SourceQuality "1"]
[WhiteTeam "SG Bochum 31"]
[BlackTeam "SV 1920 Hofheim"]
[WhiteTeamCountry "GER"]
[BlackTeamCountry "GER"]

1. d4 Nf6 2. Nf3 g6 3. Bf4 Bg7 4. e3 O-O 5. Be2 d6 6. h3 Nfd7 7. O-O e5 8. Bh2
f5 9. c4 Nc6 10. Nc3 h6 11. Qd2 g5 12. dxe5 dxe5 13. Rfd1 f4 14. Ne1 Nf6 15.
Qxd8 Nxd8 16. Nd5 Nxd5 17. cxd5 c6 18. Bc4 cxd5 19. Bxd5+ Be6 20. e4 Bxd5 21.
Rxd5 Nc6 22. Kf1 Rfd8 23. Rad1 Nd4 24. Rxd8+ Rxd8 25. f3 Bf8 26. Bg1 Bc5 27.
Nc2 Kf7 28. Bxd4 exd4 29. Ke2 Ke6 30. Ne1 Bb6 31. Rc1 Rd6 32. Kd3 Ba5 33. Nc2
Bb6 34. Nb4 Bd8 35. Nd5 Rc6 36. Rc4 Ke5 37. Nb4 Rxc4 38. Kxc4 Bb6 39. Nd3+ Kd6
40. b4 a6 41. Nc5 a5 42. Nxb7+ 1-0

[Event "Bundesliga 9495"]
[Site "Deutschland"]
[Date "1994.??.??"]
[Round "?.8"]
[White "Buchal, Stephan"]
[Black "Kassebaum, Roman"]
[Result "0-1"]
[WhiteElo "2360"]
[BlackElo "2335"]
[PlyCount "72"]
[EventDate "1994.10.??"]
[EventType "team"]
[EventRounds "15"]
[EventCountry "GER"]
[SourceTitle "Bundesliga 9495"]
[Source "DeepChess"]
[SourceDate "2005.01.01"]
[SourceVersion "1"]
[SourceVersionDate "2005.01.01"]
[SourceQuality "1"]
[WhiteTeam "SV 1920 Hofheim"]
[BlackTeam "SG Bochum 31"]
[WhiteTeamCountry "GER"]
[BlackTeamCountry "GER"]

1. g3 c5 2. Bg2 g6 3. f4 Bg7 4. Nf3 Nc6 5. O-O Nf6 6. d3 O-O 7. e4 d6 8. c3 Rb8
9. Nbd2 b5 10. a3 Nd7 11. Qe2 a5 12. Ng5 Qc7 13. e5 dxe5 14. f5 Nf6 15. fxg6
hxg6 16. Nde4 Nd8 17. Be3 Ne6 18. Nxe6 Bxe6 19. Nxc5 Bg4 20. Qc2 Qc8 21. b4
axb4 22. axb4 Rd8 23. Ra7 e6 24. Na6 Bf5 25. Ra1 Rxd3 26. Nxb8 Rxe3 27. Qd2 Rd3
28. Qe2 Qxc3 29. Nc6 Rd2 30. Qf1 Qe3+ 31. Kh1 Be4 32. Ne7+ Kh7 33. R7a3 Qd4 34.
Bxe4 Nxe4 35. Nc6 Qd5 36. Qh3+ Bh6 0-1

[Event "Bundesliga 9495"]
[Site "Deutschland"]
[Date "1995.??.??"]
[Round "?.1"]
[White "Van der Sterren, Paul"]
[Black "Glek, Igor V"]
[Result "0-1"]
[WhiteElo "2605"]
[BlackElo "2615"]
[PlyCount "74"]
[EventDate "1994.10.??"]
[EventType "team"]
[EventRounds "15"]
[EventCountry "GER"]
[SourceTitle "Bundesliga 9495"]
[Source "DeepChess"]
[SourceDate "2005.01.01"]
[SourceVersion "1"]
[SourceVersionDate "2005.01.01"]
[SourceQuality "1"]
[WhiteTeam "SV Castrop Rauxel 1923"]
[BlackTeam "SG Bochum 31"]
[WhiteTeamCountry "GER"]
[BlackTeamCountry "GER"]

1. Nf3 Nf6 2. c4 g6 3. Nc3 Bg7 4. e4 d6 5. d4 O-O 6. Be2 e5 7. O-O exd4 8. Nxd4
Re8 9. f3 Nc6 10. Be3 Nh5 11. f4 Nf6 12. Bf3 Bg4 13. Nxc6 Bxf3 14. Qxf3 bxc6
15. Bd2 Qb8 16. b3 Qb6+ 17. Kh1 Nxe4 18. Nxe4 Qd4 19. Nxd6 cxd6 20. Rad1 Qe4
21. Rde1 Qxf3 22. Rxf3 Rxe1+ 23. Bxe1 Re8 24. Bd2 Re2 25. Rd3 c5 26. h3 Bd4 27.
b4 Kf8 28. b5 Ke7 29. f5 d5 30. fxg6 hxg6 31. Bf4 dxc4 32. Ra3 Rb2 33. Rxa7+
Kf6 34. h4 Rxb5 35. Bg5+ Kg7 36. a4 Rb1+ 37. Kh2 c3 0-1

[Event "Bundesliga 9495"]
[Site "Deutschland"]
[Date "1995.??.??"]
[Round "?.2"]
[White "Piskov, Yury"]
[Black "King, Daniel J"]
[Result "0-1"]
[WhiteElo "2540"]
[BlackElo "2500"]
[PlyCount "81"]
[EventDate "1994.10.??"]
[EventType "team"]
[EventRounds "15"]
[EventCountry "GER"]
[SourceTitle "Bundesliga 9495"]
[Source "DeepChess"]
[SourceDate "2005.01.01"]
[SourceVersion "1"]
[SourceVersionDate "2005.01.01"]
[SourceQuality "1"]
[WhiteTeam "SG Bochum 31"]
[BlackTeam "SV Castrop Rauxel 1923"]
[WhiteTeamCountry "GER"]
[BlackTeamCountry "GER"]

1. d4 Nf6 2. c4 e6 3. Nf3 d5 4. e3 c5 5. a3 a6 6. dxc5 Bxc5 7. b4 Ba7 8. Bb2
Nc6 9. Nbd2 Qe7 10. Qc2 Bd7 11. Rc1 h6 12. Bd3 Rc8 13. Qb1 dxc4 14. Nxc4 O-O
15. O-O Rfd8 16. Rfd1 Be8 17. h3 Nb8 18. Be5 Ba4 19. Rd2 Bb5 20. Nd4 Bxc4 21.
Rxc4 Rxc4 22. Bxc4 Nbd7 23. Bh2 Nb6 24. Bb3 Bb8 25. Bxb8 Rxb8 26. Qd3 Rc8 27.
Rc2 Rxc2 28. Bxc2 Qc7 29. Nb3 Nc4 30. Nc5 Ne5 31. Qd2 a5 32. Nxb7 Nc4 33. Qd3
Nxa3 34. Qxa3 Qxc2 35. Qxa5 Ne4 36. Qd8+ Kh7 37. Nc5 Qxf2+ 38. Kh1 Qe1+ 39. Kh2
Qg3+ 40. Kg1 Qxe3+ 41. Kh2 0-1

[Event "Bundesliga 9495"]
[Site "Deutschland"]
[Date "1995.??.??"]
[Round "?.3"]
[White "Hoffmann, Michael"]
[Black "Keitlinghaus, Ludger"]
[Result "1-0"]
[WhiteElo "2475"]
[BlackElo "2495"]
[PlyCount "53"]
[EventDate "1994.10.??"]
[EventType "team"]
[EventRounds "15"]
[EventCountry "GER"]
[SourceTitle "Bundesliga 9495"]
[Source "DeepChess"]
[SourceDate "2005.01.01"]
[SourceVersion "1"]
[SourceVersionDate "2005.01.01"]
[SourceQuality "1"]
[WhiteTeam "SV Castrop Rauxel 1923"]
[BlackTeam "SG Bochum 31"]
[WhiteTeamCountry "GER"]
[BlackTeamCountry "GER"]

1. c4 Nf6 2. g3 c6 3. Nf3 d5 4. Qc2 Bg4 5. Bg2 Nbd7 6. d4 e6 7. O-O Be7 8. b3
Bf5 9. Qd1 O-O 10. Nc3 h6 11. Bb2 Qb6 12. Qc1 Rfe8 13. Rd1 Rac8 14. Ba3 c5 15.
Na4 Qa6 16. Bxc5 Nxc5 17. Nxc5 Bxc5 18. dxc5 dxc4 19. b4 Qb5 20. a3 e5 21. Nd2
Be6 22. Qc3 a5 23. Rdc1 axb4 24. axb4 b6 25. Nxc4 bxc5 26. Nd6 cxb4 27. Qxc8
1-0

[Event "Bundesliga 9495"]
[Site "Deutschland"]
[Date "1995.??.??"]
[Round "?.4"]
[White "Backwinkel, Paul"]
[Black "Libeau, Rene"]
[Result "1/2-1/2"]
[WhiteElo "2410"]
[BlackElo "2470"]
[PlyCount "37"]
[EventDate "1994.10.??"]
[EventType "team"]
[EventRounds "15"]
[EventCountry "GER"]
[SourceTitle "Bundesliga 9495"]
[Source "DeepChess"]
[SourceDate "2005.01.01"]
[SourceVersion "1"]
[SourceVersionDate "2005.01.01"]
[SourceQuality "1"]
[WhiteTeam "SG Bochum 31"]
[BlackTeam "SV Castrop Rauxel 1923"]
[WhiteTeamCountry "GER"]
[BlackTeamCountry "GER"]

1. d4 e6 2. Nf3 c5 3. c3 Nc6 4. e4 d5 5. exd5 exd5 6. Be3 Qb6 7. Qe2 c4 8. Bg5+
Be7 9. Na3 Bf5 10. Bxe7 Ngxe7 11. Nh4 O-O 12. Qd2 h6 13. Nxf5 Nxf5 14. Be2 Nd6
15. O-O Ne4 16. Qc1 Rae8 17. Bf3 Qd8 18. Nc2 b5 19. Qd1 1/2-1/2

[Event "Bundesliga 9495"]
[Site "Deutschland"]
[Date "1995.??.??"]
[Round "?.5"]
[White "Appel, Ralf"]
[Black "Jackelen, Thomas"]
[Result "1/2-1/2"]
[WhiteElo "2430"]
[BlackElo "2415"]
[PlyCount "52"]
[EventDate "1994.10.??"]
[EventType "team"]
[EventRounds "15"]
[EventCountry "GER"]
[SourceTitle "Bundesliga 9495"]
[Source "DeepChess"]
[SourceDate "2005.01.01"]
[SourceVersion "1"]
[SourceVersionDate "2005.01.01"]
[SourceQuality "1"]
[WhiteTeam "SV Castrop Rauxel 1923"]
[BlackTeam "SG Bochum 31"]
[WhiteTeamCountry "GER"]
[BlackTeamCountry "GER"]

1. d4 Nf6 2. Nf3 g6 3. c4 Bg7 4. Nc3 O-O 5. Bf4 c5 6. e3 cxd4 7. Nxd4 d6 8. Bg3
Nc6 9. Be2 Nxd4 10. exd4 Be6 11. O-O Qa5 12. a3 Rfc8 13. b4 Qd8 14. Qb3 Nh5 15.
Rad1 Nxg3 16. hxg3 a6 17. d5 Bd7 18. Ne4 a5 19. Rc1 axb4 20. axb4 Qb6 21. c5
dxc5 22. Nxc5 Bb5 23. Rfe1 Bxe2 24. Rxe2 Bd4 25. Qc4 Bf6 26. Rd1 Rc7 1/2-1/2

[Event "Bundesliga 9495"]
[Site "Deutschland"]
[Date "1995.??.??"]
[Round "?.6"]
[White "Luecke, Norbert"]
[Black "Sehner, Norbert"]
[Result "1-0"]
[WhiteElo "2400"]
[BlackElo "2410"]
[PlyCount "43"]
[EventDate "1994.10.??"]
[EventType "team"]
[EventRounds "15"]
[EventCountry "GER"]
[SourceTitle "Bundesliga 9495"]
[Source "DeepChess"]
[SourceDate "2005.01.01"]
[SourceVersion "1"]
[SourceVersionDate "2005.01.01"]
[SourceQuality "1"]
[WhiteTeam "SG Bochum 31"]
[BlackTeam "SV Castrop Rauxel 1923"]
[WhiteTeamCountry "GER"]
[BlackTeamCountry "GER"]

1. e4 c5 2. Nf3 d6 3. d4 cxd4 4. Nxd4 Nf6 5. Nc3 g6 6. Be3 Bg7 7. f3 Nc6 8. Qd2
O-O 9. Bc4 Bd7 10. h4 Qc7 11. Bb3 Na5 12. Bh6 Nxb3 13. axb3 Bxh6 14. Qxh6 d5
15. O-O-O e5 16. h5 Rfc8 17. hxg6 fxg6 18. Nxd5 Nxd5 19. Qxh7+ Kf8 20. Qh8+ Ke7
21. Qg7+ Kd6 22. Nb5+ 1-0

[Event "Bundesliga 9495"]
[Site "Deutschland"]
[Date "1995.??.??"]
[Round "?.7"]
[White "Dinstuhl, Volkmar"]
[Black "Kassebaum, Roman"]
[Result "1-0"]
[WhiteElo "2350"]
[BlackElo "2345"]
[PlyCount "119"]
[EventDate "1994.10.??"]
[EventType "team"]
[EventRounds "15"]
[EventCountry "GER"]
[SourceTitle "Bundesliga 9495"]
[Source "DeepChess"]
[SourceDate "2005.01.01"]
[SourceVersion "1"]
[SourceVersionDate "2005.01.01"]
[SourceQuality "1"]
[WhiteTeam "SV Castrop Rauxel 1923"]
[BlackTeam "SG Bochum 31"]
[WhiteTeamCountry "GER"]
[BlackTeamCountry "GER"]

1. d4 Nf6 2. c4 g6 3. Nc3 Bg7 4. e4 d6 5. f3 O-O 6. Bg5 c5 7. d5 e6 8. Qd2 exd5
9. cxd5 a6 10. a4 h6 11. Be3 Nbd7 12. Nh3 Ne5 13. Nf2 Kh7 14. Be2 Rb8 15. O-O
Re8 16. Rfe1 Qd7 17. Reb1 Qc7 18. b4 Nfd7 19. b5 Qa5 20. Ncd1 Qxd2 21. Bxd2
axb5 22. Bxb5 f5 23. Ra3 Re7 24. f4 Nf7 25. exf5 gxf5 26. Re3 Rxe3 27. Nxe3 Nf6
28. Bd3 Kg8 29. a5 Ra8 30. g3 Ne4 31. Nxe4 fxe4 32. Bxe4 Bd4 33. Kf2 h5 34. Kf3
Nh6 35. Nc2 Bg7 36. Rb6 Bf8 37. Ne3 Ng4 38. Nf5 Nf6 39. Bc3 Nxe4 40. Kxe4 Ra6
41. Rxa6 bxa6 42. h3 Kf7 43. g4 Bd7 44. Ne3 Kg6 45. Be1 Be7 46. f5+ Kh6 47. Bg3
Ba4 48. Bf4+ Bg5 49. Nc4 Bc2+ 50. Ke3 Bb3 51. Nxd6 Bxd5 52. Ne4 Bxf4+ 53. Kxf4
hxg4 54. hxg4 c4 55. g5+ Kg7 56. Ke5 Bc6 57. Kd4 Kf7 58. Nd6+ Ke7 59. Nxc4 Ba4
60. Ke5 1-0